000 00754nam a2200229Ia 4500
003 GCL
008 140319s9999 xx 000 0 ara d
040 _aGCL /
_cGCL
082 0 4 _a581.2
_bم ا
100 1 _aعمادالدين وصفى
245 1 0 _aابصال الزينة وامراضها وافاتها وطرق المقاومة /
_cعمادالدين وصفى
700 1 _aمحمود خطاب
260 _a[S.N] :
_bمنشاة المعارف الاسلامية ،
_c1988
300 _a376 ص
490 _a
650 0 4 _aالافات الزراعية
650 0 4 _aالنباتات
650 0 4 _aالحجر الزراعى
650 0 4 _aالفطريات فى الزراعة
650 0 4 _aالعفن البكتيرى
942 _2ddc
_cBK
999 _c32537
_d32537